000 00635cab a2200205 4500
001 X3769
008 090401t1996 xxu||||| |||| 00| 0 eng d
035 _a(Sirsi) u32657
041 _aeng
100 _aRowley, A.
245 _aHow to achieve an integrated environment
260 _c1996
350 _a0
490 _aCSM (Chartered Surveyor Monthly)
_v5(11) September 1996, 30-31(2)
520 _aReports on the author`s RICS sponsored research paper, "Mixed-use development: concept and realities".
650 _aMIXED-USE DEVELOPMENTS
690 _aENVIRONMENTAL AND LAND CONSULTANCY
942 _n0
948 _c04/03/1997
999 _c21843
_d21843